00950nam a2200241 a 450000100100000000500170001000800410002702000150006804000250008304100380010808200240014610000170017024000830018724500970027025000110036726000420037830000350042053401590045550000210061465000240063565000160065970000330067500002152620240517193337.0100908s1973 sp ab r 001 0 spa d a8420003107 aDO-SdBNPbspacBNPHU17aspaheng2Código de idioma MARC a636.08bC689p, 19731 aCole, H. H.,10aIntroduction to livestock production, including dairy and poultry.lEspañol.10aProducción animal /cH. H. Cole ; traducido del inglés por el Dr. Jaime Esaín Escobar. a2a ed. aZaragoza, España :bAcribia,c1973. a898 p. :bil., mapas ;c24 cm. pTítulo original en inglés:tIntroduction to livestock production, including dairy and poultry.cSan Francisco, California : W. H. Freeman and Company. aIncluye índice 4aProducción animal 0aGanedería1 aEsaín Escobar, Jaime,etr.